000 00656nam a2200253Ia 4500
001 dia_2723
003 CHAP
005 20221208134951.0
008 220117s1973 xx 000 0 und d
010 _a170699
040 _cCHAP
082 _a664.028 F35
110 _aFAO
_939428
245 _aAspects of the Introduction of Food Irradiation in Developing Countries
260 _aViena
_c1973
300 _a113P.
410 _a(PANEL PROCCEDING SERIES)
500 _aS/c
650 _aAlimentos
_94114
901 _a664.028 F35
902 _aM
905 _a0000001973 VIE 0000000000ING00
942 _cLIBRO
_2ddc
999 _c170699
_d170699